[Event "Deutsche Ländermeisterschaft 2014"]
[Site "Hannover GER"]
[Date "2014.10.04"]
[Round "2"]
[White "Von Jan, Lena"]
[Black "Geletzke, Hannah"]
[Result "1-0"]
[Termination "normal"]
[Board "6.8"]
[WhiteElo "1335"]
[BlackElo "1251"]
[WhiteTeam "Sachsen"]
[BlackTeam "Thüringen"]
[PlyCount "117"]
[WhiteFideId "12946060"]
[BlackFideId "12983330"]
[EventCountry "GER"]
[EventRounds "7"]
[EventType "team-swiss"]
[EventDate "2014.10.02"]

1. e4 e5 2. Nf3 Nc6 3. Bb5 a6 4. Ba4 Nf6 5. d3 b5 6. Bb3 Be7 7. c3 d6 8. Nbd2
Na5 9. Bc2 c5 10. Nf1 Nc6 11. Ng3 O-O 12. O-O Re8 13. Re1 Bf8 14. h3 Bb7 15.
Nh2 d5 16. Ng4 d4 17. Bd2 Bc8 18. Nxf6+ Qxf6 19. Bb3 Ne7 20. Nh5 Qg6 21. Qf3
Be6 22. Bxe6 Qxe6 23. cxd4 cxd4 24. Ng3 Rac8 25. b3 Ng6 26. Nf5 Qf6 27. Nh6+
Kh8 28. Nxf7+ Kg8 29. Ng5 Rc2 30. Qd1 Rec8 31. Nf3 Nh4 32. Nh2 Ng6 33. Rc1 R2c6
34. Ng4 Qf7 35. Rf1 Rxc1 36. Bxc1 Bd6 37. Qe2 Nf4 38. Bxf4 Qxf4 39. g3 Qg5 40.
h4 Qe7 41. Nh6+ Kf8 42. Qf3+ Ke8 43. Nf5 Qf6 44. Nxd6+ Qxd6 45. Qh5+ Kd7 46.
Qxh7 Qe7 47. Qf5+ Qe6 48. Qg5 Qe7 49. Qg4+ Kd8 50. f4 exf4 51. Qxf4 Rc3 52.
Qb8+ Rc8 53. Qb6+ Qc7 54. Qxd4+ Ke8 55. Qf2 Qc5 56. d4 Qd6 57. Qf7+ Kd8 58.
Qf8+ Kd7 59. Rf7+ 1-0

[Event "Deutsche Ländermeisterschaft 2014"]
[Site "Hannover GER"]
[Date "2014.10.04"]
[Round "2"]
[White "Baskin, Robert"]
[Black "Kitze, Alexander"]
[Result "1-0"]
[Termination "normal"]
[Board "7.1"]
[WhiteElo "2170"]
[BlackElo "2060"]
[WhiteTeam "Hessen 2"]
[BlackTeam "Sachsen-Anhalt"]
[PlyCount "67"]
[WhiteFideId "24662402"]
[BlackFideId "12914827"]
[EventCountry "GER"]
[EventRounds "7"]
[EventType "team-swiss"]
[EventDate "2014.10.02"]

1. e4 c5 2. Nf3 d6 3. d4 cxd4 4. Nxd4 Nf6 5. Nc3 Nc6 6. Bc4 e6 7. O-O Be7 8.
Be3 O-O 9. Qe2 a6 10. a4 Bd7 11. Kh1 Rc8 12. f4 Qc7 13. Bd3 Na5 14. Rae1 Nc4
15. Bc1 Rfe8 16. e5 Nd5 17. Qe4 g6 18. Nxd5 exd5 19. Qxd5 Nb6 20. Qf3 Bf8 21.
f5 dxe5 22. fxg6 fxg6 23. Qf7+ Kh8 24. Bg5 Bg7 25. Bf6 Rg8 26. Rxe5 Qxe5 27.
Bxe5 Bxe5 28. Ne6 Rce8 29. Ng5 Rg7 30. Qf2 Nxa4 31. Nf7+ Kg8 32. Nh6+ Kh8 33.
Qf8+ Rg8 34. Nf7# 1-0

[Event "Deutsche Ländermeisterschaft 2014"]
[Site "Hannover GER"]
[Date "2014.10.04"]
[Round "2"]
[White "Heinemann, Josefine"]
[Black "Grimm, Julius"]
[Result "0-1"]
[Termination "normal"]
[Board "7.2"]
[WhiteElo "2043"]
[BlackElo "2026"]
[WhiteTeam "Sachsen-Anhalt"]
[BlackTeam "Hessen 2"]
[PlyCount "106"]
[WhiteFideId "12900460"]
[BlackFideId "12916986"]
[EventCountry "GER"]
[EventRounds "7"]
[EventType "team-swiss"]
[EventDate "2014.10.02"]

1. e4 c6 2. d4 d5 3. Nd2 dxe4 4. Nxe4 Bf5 5. Ng3 Bg6 6. h4 h6 7. Nf3 Nd7 8. h5
Bh7 9. Bd3 Bxd3 10. Qxd3 e6 11. Bd2 Ngf6 12. O-O-O Be7 13. Kb1 Qb6 14. c4 O-O
15. Ne4 Nxe4 16. Qxe4 Nf6 17. Qe2 c5 18. g4 Nxg4 19. Rhg1 f5 20. Ne5 Nxe5 21.
dxe5 f4 22. Qg4 Bg5 23. Bc1 Rad8 24. b3 Qc6 25. f3 Rd7 26. Qg2 Rfd8 27. Qe2 Qc7
28. Bb2 Rxd1+ 29. Rxd1 Rxd1+ 30. Qxd1 Qd8 31. Qe2 Qe8 32. Qe4 Qf7 33. Kc1 b6
34. Qc6 Kh8 35. Qa8+ Kh7 36. Qe4+ Qf5 37. Qc6 Bh4 38. Qe8 Bf2 39. Bc3 Be3+ 40.
Kb2 a6 41. Qc6 Qd3 42. Qd6 Qe2+ 43. Kb1 Qf1+ 44. Kc2 Qc1+ 45. Kd3 Qb1+ 46. Ke2
Qc2+ 47. Bd2 Qxd2+ 48. Qxd2 Bxd2 49. Kxd2 g6 50. Kd3 gxh5 51. Ke4 Kg6 52. Kxf4
h4 53. Kg4 h3 0-1

[Event "Deutsche Ländermeisterschaft 2014"]
[Site "Hannover GER"]
[Date "2014.10.04"]
[Round "2"]
[White "Stabernack, Joschi"]
[Black "Pallas, Sebastian"]
[Result "0-1"]
[Termination "normal"]
[Board "7.3"]
[WhiteElo "2061"]
[BlackElo "1947"]
[WhiteTeam "Hessen 2"]
[BlackTeam "Sachsen-Anhalt"]
[PlyCount "66"]
[WhiteFideId "12937258"]
[BlackFideId "12905453"]
[EventCountry "GER"]
[EventRounds "7"]
[EventType "team-swiss"]
[EventDate "2014.10.02"]

1. e4 c5 2. Nf3 d6 3. d4 cxd4 4. Nxd4 Nf6 5. Nc3 a6 6. Bc4 e6 7. a4 Qc7 8. Qe2
Bd7 9. O-O Nc6 10. Be3 Be7 11. Kh1 Ne5 12. Bd3 Neg4 13. f4 Nxe3 14. Qxe3 g6 15.
Rae1 O-O 16. e5 dxe5 17. fxe5 Ne8 18. Rf3 Ng7 19. Ref1 h5 20. Rf6 Be8 21. Qg5
Rd8 22. R1f4 Qb6 23. Nf3 Qxb2 24. h3 Qxc3 25. Qh6 Nf5 26. R4xf5 Rxd3 27. Ng5
Rxh3+ 28. gxh3 Qe1+ 29. Kh2 Qe2+ 30. Rf2 Qxe5+ 31. Kg1 Qe1+ 32. Kh2 Bd6+ 33.
R6f4 Qxf2+ 0-1

[Event "Deutsche Ländermeisterschaft 2014"]
[Site "Hannover GER"]
[Date "2014.10.04"]
[Round "2"]
[White "Stein, Robert"]
[Black "Spitzl, Vinzent"]
[Result "1/2-1/2"]
[Termination "normal"]
[Board "7.4"]
[WhiteElo "1885"]
[BlackElo "1964"]
[WhiteTeam "Sachsen-Anhalt"]
[BlackTeam "Hessen 2"]
[PlyCount "97"]
[WhiteFideId "12921084"]
[BlackFideId "12901253"]
[EventCountry "GER"]
[EventRounds "7"]
[EventType "team-swiss"]
[EventDate "2014.10.02"]

1. e4 c5 2. Nf3 d6 3. d4 cxd4 4. Nxd4 Nf6 5. Nc3 a6 6. Be3 e5 7. Nf3 h6 8. Bc4
Be7 9. O-O O-O 10. a4 Nbd7 11. Qe2 b6 12. Rfd1 Bb7 13. Nd2 Qc7 14. f3 Rfc8 15.
Rac1 Bf8 16. Qf2 Be7 17. Kh1 Rf8 18. g4 Rad8 19. Qg2 d5 20. exd5 Bc5 21. Bxc5
Nxc5 22. b4 Nxa4 23. Nxa4 b5 24. Ba2 bxa4 25. c4 Qe7 26. Ne4 Nxe4 27. fxe4 Qxb4
28. c5 Bc8 29. Rd3 Qa5 30. Rg3 Qc7 31. g5 Kh8 32. gxh6 g6 33. d6 Rxd6 34. Qf2
f5 35. Rcg1 Bb7 36. cxd6 Bxe4+ 37. R3g2 Bxg2+ 38. Qxg2 Qxd6 39. Qxg6 Qxg6 40.
Rxg6 e4 41. Rxa6 f4 42. Rxa4 f3 43. Rxe4 f2 44. Bc4 f1=Q+ 45. Bxf1 Rxf1+ 46.
Kg2 Rf6 47. Kg3 Kh7 48. h4 Kxh6 49. Kg4 1/2-1/2

[Event "Deutsche Ländermeisterschaft 2014"]
[Site "Hannover GER"]
[Date "2014.10.04"]
[Round "2"]
[White "Wilke, Tabea"]
[Black "Biastoch, Bennet"]
[Result "0-1"]
[Termination "normal"]
[Board "7.5"]
[WhiteElo "1750"]
[BlackElo "1838"]
[WhiteTeam "Hessen 2"]
[BlackTeam "Sachsen-Anhalt"]
[PlyCount "54"]
[WhiteFideId "12910015"]
[BlackFideId "12939889"]
[EventCountry "GER"]
[EventRounds "7"]
[EventType "team-swiss"]
[EventDate "2014.10.02"]

1. e4 c5 2. Nc3 d6 3. Bb5+ Bd7 4. Bxd7+ Qxd7 5. f4 Nc6 6. d3 g6 7. Nf3 Bg7 8.
O-O Nf6 9. Qe1 O-O 10. Bd2 Rae8 11. Qf2 a6 12. a4 Ng4 13. Qg3 f5 14. Rfe1 Nd4
15. Rac1 Nxf3+ 16. Qxf3 Bd4+ 17. Be3 Nxe3 18. Rxe3 e5 19. Kh1 Bxe3 20. Qxe3
exf4 21. Qxf4 fxe4 22. Qh4 e3 23. Ne2 Qf7 24. Kg1 Re5 25. Qe1 Qf2+ 26. Qxf2
exf2+ 27. Kf1 Rfe8 0-1

[Event "Deutsche Ländermeisterschaft 2014"]
[Site "Hannover GER"]
[Date "2014.10.04"]
[Round "2"]
[White "Roseneck, Jonas"]
[Black "Krastev, Alexander"]
[Result "0-1"]
[Termination "normal"]
[Board "7.6"]
[WhiteElo "1765"]
[BlackElo "1689"]
[WhiteTeam "Sachsen-Anhalt"]
[BlackTeam "Hessen 2"]
[PlyCount "78"]
[WhiteFideId "12939870"]
[BlackFideId "12989983"]
[EventCountry "GER"]
[EventRounds "7"]
[EventType "team-swiss"]
[EventDate "2014.10.02"]

1. e4 e5 2. Nf3 Nc6 3. Bc4 Bc5 4. c3 Nf6 5. d4 exd4 6. e5 d5 7. Be2 Ne4 8. cxd4
Be7 9. O-O O-O 10. Nc3 f5 11. Qb3 Kh8 12. Kh1 g5 13. Qd1 Be6 14. Ne1 g4 15. f3
gxf3 16. Nxf3 Rg8 17. Bf4 Rg6 18. Ng1 Bh4 19. Nh3 Qg8 20. Bf3 h6 21. Rc1 Bg5
22. Rc2 a6 23. a3 Rg7 24. Na4 Na5 25. Nc5 b6 26. Nxe6 Qxe6 27. Bxe4 fxe4 28.
Bxg5 hxg5 29. Qh5+ Kg8 30. Rf6 Qe8 31. Qh6 Nc4 32. Nxg5 Ne3 33. Rxc7 Rxc7 34.
Rg6+ Qxg6 35. Qxg6+ Rg7 36. Qe6+ Kh8 37. Qh3+ Kg8 38. Qxe3 Rf8 39. g3 Rc7 0-1

[Event "Deutsche Ländermeisterschaft 2014"]
[Site "Hannover GER"]
[Date "2014.10.04"]
[Round "2"]
[White "Reinecke, Katharina"]
[Black "Cejda, Cecilia"]
[Result "1-0"]
[Termination "normal"]
[Board "7.7"]
[WhiteElo "1647"]
[BlackElo "1662"]
[WhiteTeam "Hessen 2"]
[BlackTeam "Sachsen-Anhalt"]
[PlyCount "95"]
[WhiteFideId "12929727"]
[BlackFideId "12921122"]
[EventCountry "GER"]
[EventRounds "7"]
[EventType "team-swiss"]
[EventDate "2014.10.02"]

1. d4 Nf6 2. c4 g6 3. g3 Bg7 4. Bg2 d5 5. Nf3 O-O 6. O-O Nc6 7. Nc3 Re8 8. cxd5
Nxd5 9. Nxd5 Qxd5 10. Ne5 Qd6 11. Nxc6 bxc6 12. Bf4 Qd7 13. Qa4 Bb7 14. d5 Qc8
15. dxc6 Ba6 16. Qc2 Rb8 17. Rab1 e5 18. Be3 Ra8 19. Rfe1 Qe6 20. b3 e4 21.
Red1 Re7 22. Rd2 Bb5 23. Rc1 a5 24. Qc5 Ba6 25. Qxa5 Bf8 26. b4 Bb7 27. cxb7
Rxa5 28. b8=Q Re8 29. Qxc7 Bxb4 30. Rdc2 Rxa2 31. Rxa2 Qxa2 32. Qc4 Qxc4 33.
Rxc4 Ba5 34. Rxe4 Rxe4 35. Bxe4 Bc3 36. Bh6 Bf6 37. Bd5 Ba1 38. Kg2 Bb2 39. Kf3
Be5 40. Ke4 Bf6 41. Kd3 Be5 42. Kc4 Bb2 43. Kb5 Bd4 44. f3 Bg7 45. Bxg7 Kxg7
46. Kc6 f6 47. Kd6 h6 48. e4 1-0

[Event "Deutsche Ländermeisterschaft 2014"]
[Site "Hannover GER"]
[Date "2014.10.04"]
[Round "2"]
[White "Delgado, Celina"]
[Black "Bürmann, Theresia"]
[Result "1-0"]
[Termination "normal"]
[Board "7.8"]
[WhiteElo "1168"]
[BlackElo "1253"]
[WhiteTeam "Sachsen-Anhalt"]
[BlackTeam "Hessen 2"]
[PlyCount "131"]
[WhiteFideId "12993735"]
[BlackFideId "12960241"]
[EventCountry "GER"]
[EventRounds "7"]
[EventType "team-swiss"]
[EventDate "2014.10.02"]

1. e4 e5 2. Nf3 Nc6 3. Bc4 Nf6 4. d3 d6 5. c3 h6 6. O-O g5 7. Re1 Bg4 8. Nbd2
Bg7 9. Nf1 Ne7 10. Ng3 Qd7 11. h3 Bxf3 12. Qxf3 g4 13. hxg4 Qxg4 14. Qxg4 Nxg4
15. f3 Nf6 16. Be3 Nc6 17. Nf5 Kf8 18. Nxg7 Kxg7 19. d4 a6 20. Rad1 Rad8 21.
Bf2 b5 22. Bb3 a5 23. a3 Rhe8 24. Bh4 Rd7 25. Bg3 Red8 26. Rd2 h5 27. Red1 Kg6
28. dxe5 dxe5 29. Rxd7 Rxd7 30. Rxd7 Nxd7 31. Bd5 Ndb8 32. f4 f6 33. fxe5 fxe5
34. Kh2 Kg5 35. Kh3 a4 36. Bh4+ Kg6 37. Kg3 Kg7 38. Bg5 Na5 39. Kh4 Kg6 40. Be6
c5 41. Bf5+ Kg7 42. Kxh5 Nbc6 43. Bh6+ Kf7 44. g4 Ne7 45. g5 Nac6 46. g6+ Ke8
47. Bg5 c4 48. Bxe7 Nxe7 49. Kg5 Ng8 50. Be6 Ne7 51. Kf6 Nc6 52. g7 Ne7 53.
g8=Q+ Nxg8+ 54. Bxg8 Kd7 55. Kxe5 Ke7 56. Kd5 Kd7 57. e5 Ke8 58. e6 Ke7 59. Ke5
Ke8 60. Kd6 Kd8 61. Bf7 Kc8 62. e7 Kb7 63. e8=Q Ka6 64. Kc6 Ka7 65. Qc8 b4 66.
Qb7# 1-0

[Event "Deutsche Ländermeisterschaft 2014"]
[Site "Hannover GER"]
[Date "2014.10.04"]
[Round "2"]
[White "Hampel, Felix"]
[Black "Eichstaedt, Mirko"]
[Result "1-0"]
[Termination "normal"]
[Board "8.1"]
[WhiteElo "2160"]
[BlackElo "1994"]
[WhiteTeam "Niedersachsen 2"]
[BlackTeam "Brandenburg"]
[PlyCount "113"]
[WhiteFideId "24668125"]
[BlackFideId "24692310"]
[EventCountry "GER"]
[EventRounds "7"]
[EventType "team-swiss"]
[EventDate "2014.10.02"]

1. c4 Nf6 2. Nf3 c6 3. d4 d5 4. Nc3 dxc4 5. a4 Bf5 6. e3 e6 7. Bxc4 Bb4 8. O-O
O-O 9. Qe2 Bg4 10. h3 Bh5 11. g4 Bg6 12. Ne5 Nbd7 13. Nxg6 hxg6 14. f4 Qa5 15.
g5 Nd5 16. Nxd5 exd5 17. Bd3 Rfe8 18. Qg2 Nf8 19. b3 c5 20. Qxd5 Rad8 21. Qxb7
cxd4 22. exd4 Be1 23. Bc4 Ne6 24. Bb2 Nxf4 25. Qxf7+ Kh7 26. Qxf4 Rf8 27. Qg4
Rxf1+ 28. Bxf1 Rd5 29. Qe4 Rxg5+ 30. Bg2 Qd2 31. Rxe1 Qxb2 32. d5 Qxb3 33. Qe3
Qxd5 34. Re2 Qa5 35. Qf4 Rf5 36. Qh4+ Rh5 37. Qd4 Qg5 38. Kh2 Rh4 39. Re4 Rxe4
40. Qxe4 a5 41. Bf1 Qf6 42. Kg1 Qg5+ 43. Kf2 Qc5+ 44. Kf3 Qh5+ 45. Ke3 Qg5+ 46.
Ke2 Qf6 47. h4 Qb2+ 48. Ke3 Qb6+ 49. Kf3 Qf6+ 50. Kg2 Qb2+ 51. Kh3 Kh6 52. Bd3
Qb6 53. Qf4+ Kh7 54. h5 Qe6+ 55. Kh2 Kh8 56. Qf8+ Kh7 57. Bxg6+ 1-0

[Event "Deutsche Ländermeisterschaft 2014"]
[Site "Hannover GER"]
[Date "2014.10.04"]
[Round "2"]
[White "Cech, Tim"]
[Black "Kyas, Philipp"]
[Result "0-1"]
[Termination "normal"]
[Board "8.2"]
[WhiteElo "1812"]
[BlackElo "2094"]
[WhiteTeam "Brandenburg"]
[BlackTeam "Niedersachsen 2"]
[PlyCount "130"]
[WhiteFideId "1270258"]
[BlackFideId "24670936"]
[EventCountry "GER"]
[EventRounds "7"]
[EventType "team-swiss"]
[EventDate "2014.10.02"]

1. d4 d5 2. Nf3 c5 3. g3 Nc6 4. Bg2 e6 5. O-O Nf6 6. b3 Be7 7. Bb2 O-O 8. Nbd2
Re8 9. c4 b6 10. e3 Bb7 11. Rc1 Rc8 12. Qe2 Nd7 13. Rfd1 Bf6 14. Nb1 Qe7 15.
cxd5 exd5 16. Ba3 Qe6 17. dxc5 bxc5 18. Qb5 Nd8 19. Bxc5 Ba6 20. Qa5 Nb7 21.
Qd2 Nbxc5 22. Qxd5 Be2 23. Qxe6 Nxe6 24. Re1 Rxc1 25. Rxc1 Ndc5 26. Nbd2 h6 27.
Nc4 Rd8 28. Nfd2 Nd3 29. Rb1 Nb2 30. Bf1 Nxc4 31. Nxc4 Bxc4 32. Bxc4 Rd2 33.
Bxe6 fxe6 34. a4 Rb2 35. Rxb2 Bxb2 36. Kf1 a5 37. g4 Kf7 38. Ke2 Bc3 39. Kd3
Be1 40. Ke2 Bb4 41. Kd3 Kf6 42. f4 e5 43. Ke4 exf4 44. exf4 g6 45. Kd5 h5 46.
h3 hxg4 47. hxg4 Bd2 48. Ke4 Ke6 49. f5+ gxf5+ 50. gxf5+ Kf6 51. Kd3 Bb4 52.
Ke4 Be7 53. Kf4 Bd6+ 54. Ke4 Ke7 55. Kd5 Kd7 56. Kc4 Kc6 57. Kd4 Bb4 58. Ke4
Kc5 59. f6 Bc3 60. f7 Bg7 61. Kd3 Kb4 62. Kc2 Ka3 63. f8=Q+ Bxf8 64. Kc3 Bb4+
65. Kc2 Ka2 0-1

[Event "Deutsche Ländermeisterschaft 2014"]
[Site "Hannover GER"]
[Date "2014.10.04"]
[Round "2"]
[White "Diederichs, Luise"]
[Black "Nguyen, Anh Van"]
[Result "1-0"]
[Termination "normal"]
[Board "8.3"]
[WhiteElo "1992"]
[BlackElo "1640"]
[WhiteTeam "Niedersachsen 2"]
[BlackTeam "Brandenburg"]
[PlyCount "43"]
[WhiteFideId "24661597"]
[BlackFideId "12908223"]
[EventCountry "GER"]
[EventRounds "7"]
[EventType "team-swiss"]
[EventDate "2014.10.02"]

1. e4 c5 2. Nc3 Nc6 3. g3 g6 4. Bg2 Bg7 5. d3 d6 6. f4 Nf6 7. Nf3 Nd7 8. O-O
O-O 9. Be3 Qb6 10. Rb1 e6 11. f5 exf5 12. exf5 Nf6 13. Nh4 Ne7 14. g4 gxf5 15.
gxf5 Qb4 16. Ne4 Nfd5 17. Bd2 Qd4+ 18. Kh1 f6 19. Rf3 Qe5 20. c4 Nxf5 21. Nxf5
Bxf5 22. cxd5 1-0

[Event "Deutsche Ländermeisterschaft 2014"]
[Site "Hannover GER"]
[Date "2014.10.04"]
[Round "2"]
[White "Wolff, Marie Antoinette"]
[Black "Phunhon Lopez, Daniel Alejandro"]
[Result "0-1"]
[Termination "normal"]
[Board "8.4"]
[WhiteElo "1714"]
[BlackElo "1807"]
[WhiteTeam "Brandenburg"]
[BlackTeam "Niedersachsen 2"]
[PlyCount "138"]
[WhiteFideId "12908258"]
[BlackFideId "12952567"]
[EventCountry "GER"]
[EventRounds "7"]
[EventType "team-swiss"]
[EventDate "2014.10.02"]

1. e4 c5 2. Nf3 e6 3. d4 cxd4 4. Nxd4 a6 5. c4 Nf6 6. Nc3 Qc7 7. Be2 Nc6 8.
Nxc6 dxc6 9. O-O e5 10. Be3 Be6 11. h3 Bb4 12. Qc2 O-O 13. a3 Be7 14. Rad1 b5
15. cxb5 cxb5 16. Qc1 Qb7 17. Bf3 Rac8 18. Qb1 Bxa3 19. Nd5 Bxd5 20. exd5 Bc5
21. Bg5 Qe7 22. Be4 h6 23. Bh4 Qd6 24. Bf3 Rfe8 25. Rfe1 Bd4 26. Bg3 Qb4 27.
Qf5 Qxb2 28. Bh4 Qc2 29. Be4 Nxe4 30. Qxe4 Qxe4 31. Rxe4 f6 32. Kh1 b4 33. f4
b3 34. d6 Rcd8 35. fxe5 Bxe5 36. Bf2 b2 37. Bc5 Rd7 38. g4 Kf7 39. Rb4 Rc8 40.
Be3 Ke6 41. Rb6 Rc3 42. Re1 Ra3 43. Bd4 Rxd6 44. Bxb2 Rxh3+ 45. Kg2 Rxb6 46.
Bxe5 fxe5 47. Kxh3 Rb3+ 48. Kg2 Ra3 49. Rb1 a5 50. Rb6+ Kd5 51. Rb7 Ke4 52.
Rxg7 Ra2+ 53. Kg3 Ra1 54. Rg6 a4 55. Rxh6 a3 56. Ra6 a2 57. Ra4+ Kd5 58. Ra5+
Ke6 59. Ra6+ Kf7 60. Ra7+ Kf6 61. Ra6+ Kg5 62. Ra5 Rg1+ 63. Kh3 a1=Q 64. Rxe5+
Kf6 65. Rf5+ Ke6 66. Rf6+ Kxf6 67. g5+ Rxg5 68. Kh2 Rg8 69. Kh3 Qh1# 0-1

[Event "Deutsche Ländermeisterschaft 2014"]
[Site "Hannover GER"]
[Date "2014.10.04"]
[Round "2"]
[White "Polster, Christian"]
[Black "Sauer, Annika"]
[Result "1-0"]
[Termination "normal"]
[Board "8.5"]
[WhiteElo "1818"]
[BlackElo "1624"]
[WhiteTeam "Niedersachsen 2"]
[BlackTeam "Brandenburg"]
[PlyCount "71"]
[WhiteFideId "12965081"]
[BlackFideId "12952052"]
[EventCountry "GER"]
[EventRounds "7"]
[EventType "team-swiss"]
[EventDate "2014.10.02"]

1. e4 d5 2. exd5 Qxd5 3. Nc3 Qa5 4. d4 c6 5. Bc4 Bf5 6. Nf3 e6 7. Ne5 Nf6 8. g4
Bg6 9. h4 Be4 10. Rh3 Bb4 11. Bd2 Bd5 12. Bd3 Nbd7 13. Nxd7 Kxd7 14. a3 Bxc3
15. bxc3 Be4 16. Qe2 Bxd3 17. Rxd3 Qd5 18. f3 Nxg4 19. fxg4 Qh1+ 20. Qf1 Qxh4+
21. Qf2 Qxg4 22. Qxf7+ Kc8 23. Bf4 e5 24. Bxe5 Qd7 25. Rf3 Re8 26. Qb3 Qg4 27.
Qf7 Qd7 28. O-O-O g5 29. Rh1 g4 30. Rxh7 Qxf7 31. Rfxf7 Rg8 32. Rc7+ Kd8 33.
Bf6+ Ke8 34. Rce7+ Kd8 35. Reg7+ Kc8 36. Rxg8# 1-0

[Event "Deutsche Ländermeisterschaft 2014"]
[Site "Hannover GER"]
[Date "2014.10.04"]
[Round "2"]
[White "Röhr, Tobias"]
[Black "von Estorff, Jacob"]
[Result "1/2-1/2"]
[Termination "normal"]
[Board "8.6"]
[WhiteElo "1618"]
[BlackElo "1697"]
[WhiteTeam "Brandenburg"]
[BlackTeam "Niedersachsen 2"]
[PlyCount "165"]
[WhiteFideId "12963089"]
[BlackFideId "12974501"]
[EventCountry "GER"]
[EventRounds "7"]
[EventType "team-swiss"]
[EventDate "2014.10.02"]

1. d4 d5 2. c4 c6 3. cxd5 cxd5 4. Nc3 e6 5. Nf3 Nf6 6. Bg5 Nc6 7. e3 Be7 8. a3
O-O 9. Bd3 Bd7 10. O-O a6 11. Nd2 b5 12. b4 Rc8 13. Rc1 h6 14. Bh4 Ne8 15. Bxe7
Qxe7 16. Nb3 Nd6 17. Nc5 Ra8 18. f4 Nc4 19. Bxc4 dxc4 20. N3e4 f5 21. Nxd7 Qxd7
22. Nc5 Qf7 23. Qf3 Ne7 24. Nd7 Rfe8 25. Ne5 Qf6 26. Nd7 Qf7 27. Ne5 Qf6 28.
Qg3 Kh7 29. Nd7 Qg6 30. Rf3 Qxg3 31. Rxg3 Nd5 32. Kf2 Ra7 33. Nc5 Nf6 34. Ke2
Kg8 35. Rf3 Kf7 36. Rff1 Ke7 37. a4 Nd5 38. Rb1 Nc3+ 39. Kd2 Nxb1+ 40. Rxb1 Kd6
41. a5 Kd5 42. Rf1 Rc8 43. Kc3 g5 44. g3 Rg8 45. Re1 Rf8 46. e4+ fxe4 47. Rxe4
Rf6 48. Re5+ Kd6 49. Ne4+ Ke7 50. Nxf6 Kxf6 51. fxg5+ hxg5 52. Rc5 Ra8 53. Kd2
Rh8 54. h4 gxh4 55. gxh4 Rxh4 56. Rc6 Rxd4+ 57. Kc3 Rd3+ 58. Kc2 Rb3 59. Rxa6
Rxb4 60. Ra8 Ke5 61. a6 Ra4 62. a7 b4 63. Rb8 Rxa7 64. Rxb4 Kd4 65. Rb8 Ra2+
66. Kb1 Re2 67. Kc1 Kc3 68. Kd1 Re3 69. Rb6 e5 70. Rb1 Kd3 71. Rb8 Re4 72. Rb5
c3 73. Rd5+ Kc4 74. Ra5 Rf4 75. Rxe5 Rd4+ 76. Kc2 Rd2+ 77. Kc1 Rh2 78. Re8 Rh4
79. Rc8+ Kd3 80. Rd8+ Rd4 81. Rxd4+ Kxd4 82. Kc2 Kc4 83. Kc1 1/2-1/2

[Event "Deutsche Ländermeisterschaft 2014"]
[Site "Hannover GER"]
[Date "2014.10.04"]
[Round "2"]
[White "Möller, Hannah"]
[Black "Gericke, Nicholas"]
[Result "0-1"]
[Termination "normal"]
[Board "8.7"]
[WhiteElo "1573"]
[BlackElo "1606"]
[WhiteTeam "Niedersachsen 2"]
[BlackTeam "Brandenburg"]
[PlyCount "112"]
[WhiteFideId "1270514"]
[BlackFideId "12952141"]
[EventCountry "GER"]
[EventRounds "7"]
[EventType "team-swiss"]
[EventDate "2014.10.02"]

1. c4 f5 2. g3 Nf6 3. Bg2 g6 4. Nc3 Bg7 5. d3 d6 6. e3 e5 7. Nge2 O-O 8. O-O
Na6 9. f4 c6 10. a3 Re8 11. b4 e4 12. Rb1 Nc7 13. Bb2 Ng4 14. Bc1 Qe7 15. dxe4
fxe4 16. h3 Nf6 17. Bb2 Be6 18. Qd4 d5 19. cxd5 cxd5 20. Qd2 Nd7 21. Nd4 Nb6
22. Nxe6 Qxe6 23. Rfd1 Nc4 24. Qe2 Nxb2 25. Rxb2 Bxc3 26. Rc2 Bxb4 27. axb4
Rac8 28. Ra2 a6 29. Qd2 Nb5 30. Rc2 Rxc2 31. Qxc2 Rc8 32. Qd2 Nc3 33. Ra1 Qb6
34. Kh2 Qxb4 35. Rc1 Rc5 36. Bxe4 Qa5 37. Bg2 Ne4 38. Qxa5 Rxa5 39. Rc8+ Kg7
40. Rc7+ Kh6 41. Rxb7 Ra3 42. Ra7 Ra2 43. Rc7 a5 44. Rd7 Nc3 45. Kg1 Rd2 46. e4
Rd1+ 47. Kh2 dxe4 48. Rc7 e3 49. Bf3 e2 50. Bxe2 Nxe2 51. Rc2 Nd4 52. Ra2 Nf3+
53. Kg2 Rd2+ 54. Rxd2 Nxd2 55. Kf2 a4 56. Ke2 a3 0-1

[Event "Deutsche Ländermeisterschaft 2014"]
[Site "Hannover GER"]
[Date "2014.10.04"]
[Round "2"]
[White "Pietsch, Katharina"]
[Black "Reichelt, Lena"]
[Result "0-1"]
[Termination "normal"]
[Board "8.8"]
[WhiteElo "981"]
[BlackElo "1274"]
[WhiteTeam "Brandenburg"]
[BlackTeam "Niedersachsen 2"]
[PlyCount "100"]
[WhiteFideId "12997013"]
[BlackFideId "12981184"]
[EventCountry "GER"]
[EventRounds "7"]
[EventType "team-swiss"]
[EventDate "2014.10.02"]

1. e4 e6 2. d4 d5 3. exd5 exd5 4. Nc3 Bb4 5. Bd2 Nf6 6. Nf3 Bg4 7. a3 Ba5 8.
Qe2+ Be6 9. Ng5 Qd7 10. b4 Bb6 11. Qe3 Nc6 12. Nf3 O-O 13. Ne5 Nxe5 14. Qxe5
Bf5 15. Be2 Bxc2 16. Bg5 Rfe8 17. Qf4 Qc6 18. Qd2 Be4 19. O-O Qd6 20. Bf4 Qd7
21. Be5 Qe7 22. Qe3 c6 23. Qg3 Bf5 24. h4 Rac8 25. h5 h6 26. Nd1 Bc7 27. f4
Bxe5 28. fxe5 Ne4 29. Qf3 Bh7 30. Ne3 Nd2 31. Qf4 Nxf1 32. Rxf1 Rf8 33. Nf5
Bxf5 34. Qxf5 Qg5 35. Qd7 Rb8 36. Bd3 Qe3+ 37. Kh2 Qxd3 38. Rf3 Qxd4 39. e6
fxe6 40. Qxe6+ Kh8 41. Rg3 Qh4+ 42. Rh3 Qf6 43. Qg4 Qf4+ 44. Qxf4 Rxf4 45. g3
Rf3 46. Kg2 Rbf8 47. Rh4 Rxa3 48. Kh3 Rff3 49. Rg4 a5 50. bxa5 Rxa5 0-1

[Event "Deutsche Ländermeisterschaft 2014"]
[Site "Hannover GER"]
[Date "2014.10.04"]
[Round "2"]
[White "Kneip, Jakob"]
[Black "Ruff, Maximilian"]
[Result "1/2-1/2"]
[Termination "normal"]
[Board "9.1"]
[WhiteElo "2033"]
[BlackElo "2188"]
[WhiteTeam "Hamburg"]
[BlackTeam "Baden 2"]
[PlyCount "53"]
[WhiteFideId "12912859"]
[BlackFideId "1271670"]
[EventCountry "GER"]
[EventRounds "7"]
[EventType "team-swiss"]
[EventDate "2014.10.02"]

1. d4 Nf6 2. c4 c5 3. d5 b5 4. cxb5 a6 5. f3 axb5 6. e4 Qa5+ 7. Bd2 b4 8. Na3
d6 9. Nc4 Qd8 10. a3 e6 11. dxe6 Bxe6 12. Ne3 Nc6 13. Bb5 Qb6 14. axb4 Rxa1 15.
Bxc6+ Qxc6 16. Qxa1 d5 17. b5 Qb7 18. exd5 Nxd5 19. Nxd5 Bxd5 20. Ne2 Be7 21.
O-O O-O 22. Nc3 Bc4 23. Re1 Ra8 24. Qb1 Bf6 25. Qe4 Qxe4 26. Rxe4 Bd3 27. Re1
1/2-1/2

[Event "Deutsche Ländermeisterschaft 2014"]
[Site "Hannover GER"]
[Date "2014.10.04"]
[Round "2"]
[White "Rahnfeld, Jens"]
[Black "Spät, Alexander"]
[Result "1-0"]
[Termination "normal"]
[Board "9.2"]
[WhiteElo "2089"]
[BlackElo "2014"]
[WhiteTeam "Baden 2"]
[BlackTeam "Hamburg"]
[PlyCount "55"]
[WhiteFideId "12939617"]
[BlackFideId "24687693"]
[EventCountry "GER"]
[EventRounds "7"]
[EventType "team-swiss"]
[EventDate "2014.10.02"]

1. e4 e6 2. d4 d5 3. Nc3 Nf6 4. e5 Nfd7 5. Nce2 c5 6. c3 Nc6 7. f4 Be7 8. Nf3
b5 9. dxc5 Bxc5 10. Ned4 Nxd4 11. cxd4 Be7 12. Bd3 Qb6 13. O-O f5 14. exf6 Nxf6
15. Kh1 O-O 16. Ne5 Bb7 17. Be3 Rac8 18. Qf3 Rc7 19. Qh3 b4 20. f5 exf5 21.
Rxf5 g6 22. Rf3 Ne4 23. Nd7 Rxf3 24. gxf3 Qd6 25. Ne5 Ng5 26. Qg3 Nf7 27. Bf4
g5 28. Rg1 1-0